| 000 | 00640nam a2200205 a 4500 | ||
|---|---|---|---|
| 001 | 000045079 | ||
| 005 | 20201002045847.0 | ||
| 008 | 150202s19uu ag 000 0 spa d | ||
| 040 |
_aDO-SdBNP _bspa _cBNPHU |
||
| 041 | 1 | 7 |
_aspa _heng |
| 082 |
_axxxx _bxxxx |
||
| 100 | 1 |
_aCianfarra, Camilo M. _973093 |
|
| 240 | 1 | 0 | _aVatican and the Kremlin. |
| 245 | 1 | 3 |
_aEl Vaticano y el Kremlin / _cCamille Maximillian Cianfarra ; traducción de Maximo Borghi. |
| 260 |
_aBuenos Aires, Argentina : _bGuillermo Kraft, _c[195u?]. |
||
| 300 |
_a288 p. ; _c20 cm. |
||
| 490 | 1 | _aVétice | |
| 700 | 1 |
_aBorghi, Maximo _etr. _973094 |
|
| 830 | 0 |
_aVétice _973095 |
|
| 999 |
_c44568 _d44568 |
||